000 00830nam a2200217Ia 4500
008 0000001984 sp a 0000000000spa00
020 _a8486089107
090 _aPSP00 S31j1
100 1 _aSicilia, José María
_d1954
245 1 0 _aJosé María Sicilia
_b: pinturas 1983-84
_c/ fotografías Pierre Faucher, Antonio Zafra
300 _a67 p.
_c/ 30 cm.
500 _aTexto en : español, inglés, francés \ Con el patronazgo del maestro venezolano Jesús Rafael Soto (q.e.p.d.)
600 0 0 _aSICILIA, JOSE MARIA, 1954/
_xTRABAJOS PICTORICOS
650 1 4 _aARTE CONTEMPORANEO ESPAÑOL
650 1 4 _xCATALOGOS
650 1 4 _xEXPOSICIONES
650 1 4 _aPINTORES ESPAÑOLES
650 1 4 _aPINTURA ESPAÑOLA
700 1 _aFaucher, Pierre \ Zafra, Antonio
999 _c5951
_d5951
260 _aMadrid : Galería Fernando Vijande
_c1984